| 000 | 01138nam a2200301 i 4500 | ||
|---|---|---|---|
| 001 | 144302 | ||
| 003 | ES-MaACL | ||
| 005 | 20250430203733.0 | ||
| 007 | t| | ||
| 008 | 070214s1963 sp r ||||1| spa d | ||
| 080 | _a860-1"19"(082.2 | ||
| 245 | 0 | 0 |
_aSiete poetas españoles : _bAntonio Machado, Juan Ramón Jiménez, Pedro Salinas, Jorge Guillén, Vicente Aleixandre, Federico García Lorca, Rafael Alberti / _crecopilación de Carlos Sahagún. |
| 260 |
_aMadrid : _bTaurus, _c1963. |
||
| 300 |
_a220 p. ; _c18 cm. |
||
| 650 | 4 |
_916221 _aPoesías españolas- _yS.XX |
|
| 650 | 4 |
_913050 _aGeneración del 27 (Literatura) |
|
| 700 | 1 |
_aSahagún, Carlos. _9101471 _epbl |
|
| 700 | 1 |
_aMachado, Antonio, _d1875-1939 _975151 |
|
| 700 | 1 |
_aJiménez, Juan Ramón, _d1881-1958 _966417 |
|
| 700 | 1 |
_aSalinas, Pedro, _d1891-1951 _9101942 |
|
| 700 | 1 |
_aGuillén, Jorge, _d1893-1984 _960765 |
|
| 700 | 1 |
_aAleixandre, Vicente, _d1898-1984 _919688 |
|
| 700 | 1 |
_aGarcía Lorca, Federico, _d1898-1936 _954853 |
|
| 700 | 1 |
_aAlberti, Rafael, _d1902-1999 _9240174 |
|
| 852 |
_aES-MaACL _jC-25639 |
||
| 942 | _2udc | ||
| 999 |
_c144302 _d144302 |
||